01018nam a2200253 a 450000100060000000300080000600500170001400800410003103500190007204000340009104100080012508200270013310000420016024500650020226000440026730000340031150400510034565000620039665000610045865100540051994200120057399900170058595201620060224086BD-RjUL20211209001016.0140312s1966 at a b 001 0 eng d a(BD-RjUL)24152 aANBbengcANBdNSL:RdBD-RjUL aeng04a940.5426219bLOA 19661 aLockwood, Douglas,d1918-1980.97420310aAustralia's Pearl Harbour, Darwin, 1942 /cDouglas Lockwood. aMelbourne :bCassell Australia,cc1966. axiii, 232 p. :bill.;c18 cm. aIncludes bibliographical references and index. 0aWorld War, 1939-1945xAerial operations, Japanese.974204 0aWorld War, 1939-1945zNorthern TerritoryzDarwin.974205 0aDarwin (N.T.)xHistoryyBombardment, 1942.974206 2ddccBK c24086d24086 00102ddc40728NFICaRUCLbRUCLcReadingd1969-09-16ePakistan Book Centre, Karachi.g27.00l0o940.5426 LOA 1966r2014-03-12 00:00:00tC-1w2014-03-12yBK